000 00997nam a2200265Ia 4500
003 GCL
008 140319s9999 xx 000 0 ara d
020 _a5477604977
040 _aGCL /
_cGCL
082 0 4 _a346.02
_bس ت
100 1 _aسمير حامد عبدالعزيز الجمال
245 1 0 _aالتعاقد عبر تقنيات الاتصال الحديثة :
_bدراسة مقارنة /
_cسمير حامد عبدالعزيز الجمال
250 _aالاولى
260 _aالقاهرة :
_bدار النهضة العربية ،
_c2006
300 _a425 ص ؛
_c24 سم
650 0 4 _aالعقود التجارية
650 0 4 _aعقود البيع
650 0 4 _aالجرائم التجارية
650 0 4 _aالعقود (قانون مدنى)
650 0 4 _aالعقود - بطلان
650 0 4 _aالعقود الالكترونية
650 0 4 _aالتوقيع الالكترونى
650 0 4 _aالإنترنت - العقود التجارية
942 _2ddc
_cBK
999 _c8599
_d8599